|
|
|
|
| LEADER |
00000nam0a2200000 4500 |
| 001 |
252900 |
| 005 |
20231101232807.0 |
| 010 |
|
|
|a 5724502607
|
| 035 |
|
|
|a (RuTPU)RU\TPU\book\275266
|
| 090 |
|
|
|a 252900
|
| 100 |
|
|
|a 20140306d1989 m y0rusy50 ca
|
| 101 |
0 |
|
|a rus
|
| 102 |
|
|
|a RU
|
| 105 |
|
|
|a a z 001zy
|
| 200 |
1 |
|
|a Литье под давлением реактопластов
|f А. Д. Соколов, М. М. Швец
|
| 205 |
|
|
|a 2-е изд., перераб.
|
| 210 |
|
|
|a Москва
|c Химия
|d 1989
|
| 215 |
|
|
|a 96 с.
|c ил.
|
| 225 |
1 |
|
|a Библиотека молодого рабочего
|
| 320 |
|
|
|a Библиогр.: с. 94.
|
| 606 |
1 |
|
|a Пластмассы
|2 stltpush
|3 (RuTPU)RU\TPU\subj\49097
|9 67908
|
| 610 |
1 |
|
|a реактопласты
|
| 610 |
1 |
|
|a литье
|
| 610 |
1 |
|
|a материал
|
| 610 |
1 |
|
|a переработка
|
| 610 |
1 |
|
|a оборудование
|
| 610 |
1 |
|
|a инструмент
|
| 610 |
1 |
|
|a технологические операции
|
| 610 |
1 |
|
|a техника безопасности
|
| 675 |
|
|
|a 678.5.07
|v 3
|
| 700 |
|
1 |
|a Соколов
|b А. Д.
|g Анатолий Данилович
|
| 701 |
|
1 |
|a Швец
|b М. М.
|g Михаил Михайлович
|
| 801 |
|
1 |
|a RU
|b 63413507
|c 20140306
|
| 801 |
|
2 |
|a RU
|b 63413507
|c 20140319
|g RCR
|
| 942 |
|
|
|c BK
|